00676nam a2200181 a 450000500170000000800410001702000180005805000200007610000170009624500970011326000390021030000220024944000250027165000340029665000350033099900190036595201100038420140412111241.0010503s19uu xx 00 eng d a0-590-41427-5 aERbMa27In 1989 aCole, Joanna aThe magic school bus :binside the human body /cby Joanna Cole; illustrated by Bruce Degen. aNew York :bScholastic Inc,c1985. a1v. (unp.) ; ill. aThe Magic School Bus aHuman body-Study and teaching aHuman body-Juvenile literature c102740d102740 001040aELbELcERd2001-05-03eLib. Fundl0oER Ma27In 1989pE2617r2014-04-12 00:00:00w2014-04-12yBK